000 00665nam a2200277Ia 4500
001 Z_2517
003 CHAP
008 220113s1978 xx 000 0 und d
010 _a165574
040 _cCHAP
082 _a574.192 B6y
100 _aBohinski, Robert C
_913430
245 _aBioquímica /
_cpor Robert C. Bohinski
260 _aMéxico, D. F. :
_bFondo Educativo Interamericano,
_c1978
300 _a667 p.
440 _a
500 _aTrad. De : la 2 ed. En inglés de 1976
503 _a135681-2
650 _aBioquímica
_912849
901 _a574.192 B6y
902 _aA
910 _a1978
942 _c1
942 _cc1
999 _c165574
_d165574